000 01265nab a2200241 b4500
003 BR-BrBNA
005 20250313102140.0
008 250313b2015 bl.qr|pooa||| 00| 0 eng |
040 _aBR-BrBNA
_beng
072 _aF70
100 _aAlves, Marccus
100 _aMarcucci, Rossella
245 _aShort Communication - Nomenclatural correction in Cryptanthus Otto & A. Dietrich. (Bromeliaceae - Bromelioideae).
500 _aPublicação on-line; 19 ref.; Summary (En)
520 _a Abstract Nomenclatural correction in Cryptanthus Otto & A. Dietrich. (Bromeliaceae - Bromelioideae). A nomenclatural correction of the author name of Cryptanthus zonatus, an endemic species of Northeastern Brazil, is provided. A new synonym of this species is also proposed. Key words: Atlantic Forest, Monocotyledons, Poales, taxonomy.
650 _aMATA ATLÂNTICA
650 _aMONOCOTILEDÔNEA
650 _aTAXONOMIA
773 0 _0709
_9348914
_dRio de Janeiro-RJ Jardim Botanico do Rio de Janeiro 1935
_o2025-1431
_tRodriguésia (Brazil)
_x0370-6583; 2175-7860 on-line
_gv. 66(2) p. 661-664; (2015)
_wBR2025000193
856 _uhttps://www.scielo.br/j/rod/a/rkdmCsdpr7jjyN68QXjYNNN/?format=pdf&lang=en
942 _cANA
999 _c330377
_d330377